Statistiques concernant L'histoire de la pizza

Cliquez ici pour prendre le quiz!

Statistiques générales

  • Ce quiz a été pris 26 fois
  • Le résultat moyen est 10 sur 18

Statistiques - réponses

QuestionRéponse% Correct
Nommez trois grandes villes de la pizzaNaples
93%
Suite aux Grandes Découvertes (15ème /16ème siècles), c’est le plat du bas peuple cuisiné lorsqu’il n’a plus rien à manger. Quels en sont les composants ?fromage
87%
Suite aux Grandes Découvertes (15ème /16ème siècles), c’est le plat du bas peuple cuisiné lorsqu’il n’a plus rien à manger. Quels en sont les composants ?tomates
80%
Certains pays ne connaissent la pizza uniquement grâce aux chaines de restauration rapide. Citez-en deux.Domino's Pizza
67%
Suite aux Grandes Découvertes (15ème /16ème siècles), c’est le plat du bas peuple cuisiné lorsqu’il n’a plus rien à manger. Quels en sont les composants ?farine
67%
Suite aux Grandes Découvertes (15ème /16ème siècles), c’est le plat du bas peuple cuisiné lorsqu’il n’a plus rien à manger. Quels en sont les composants ?eau
60%
Nommez trois grandes villes de la pizzaMarseille
60%
Certains pays ne connaissent la pizza uniquement grâce aux chaines de restauration rapide. Citez-en deux.Pizza Hut
60%
L'unification du Royaume d'Italie est alors célébrée. La margherita arbore trois ingrédients, les tomates, la mozzarella et l'origan. Pour quelle raison ont-ils été choisis?Pour leurs couleurs
60%
Nommez trois grandes villes de la pizzaChicago
53%
En l’honneur de qui la pizza Margherita est-elle créée ?La reine Marguerite d'Italie
53%
Au final, aucun Etat n'a la mainmise sur la pizza, personne n'est maitre de son processus. Elle est donc devenue quelque chose de ....transnational
53%
La pizza n’avait pas de tomates et était sucrée. De quoi était-elle composée ?miel
47%
Qui a étudié l'histoire de la pizza?Sylvia Sanchez
47%
La pizza n’avait pas de tomates et était sucrée. De quoi était-elle composée ?vin
47%
Depuis quel siècle existe la pizza ?12ème
40%
Suite aux Grandes Découvertes (15ème /16ème siècles), c’est le plat du bas peuple cuisiné lorsqu’il n’a plus rien à manger. Quels en sont les composants ?huile
33%
Quel ingrédient est introduit aux Etats-Unis?Le pepperoni
27%

Distribution des résultats

Percentile par nombre de réponses

% des personnes avec chaque résultat

Votre développement - résultats

Vous n’avez pas pris ce quiz